<?xml version="1.0" encoding="UTF-8"?><?xml-stylesheet type="text/xsl" href="static/style.xsl"?><OAI-PMH xmlns="http://www.openarchives.org/OAI/2.0/" xmlns:xsi="http://www.w3.org/2001/XMLSchema-instance" xsi:schemaLocation="http://www.openarchives.org/OAI/2.0/ http://www.openarchives.org/OAI/2.0/OAI-PMH.xsd"><responseDate>2026-04-17T07:49:04Z</responseDate><request verb="GetRecord" identifier="oai:www.recercat.cat:10459.1/48179" metadataPrefix="marc">https://recercat.cat/oai/request</request><GetRecord><record><header><identifier>oai:recercat.cat:10459.1/48179</identifier><datestamp>2024-12-05T21:22:20Z</datestamp><setSpec>com_2072_3622</setSpec><setSpec>col_2072_479130</setSpec></header><metadata><record xmlns="http://www.loc.gov/MARC21/slim" xmlns:dcterms="http://purl.org/dc/terms/" xmlns:xsi="http://www.w3.org/2001/XMLSchema-instance" xmlns:doc="http://www.lyncode.com/xoai" xsi:schemaLocation="http://www.loc.gov/MARC21/slim http://www.loc.gov/standards/marcxml/schema/MARC21slim.xsd">
   <leader>00925njm 22002777a 4500</leader>
   <datafield ind2=" " ind1=" " tag="042">
      <subfield code="a">dc</subfield>
   </datafield>
   <datafield ind2=" " ind1=" " tag="720">
      <subfield code="a">Mata Romeu, Anna</subfield>
      <subfield code="e">author</subfield>
   </datafield>
   <datafield ind2=" " ind1=" " tag="720">
      <subfield code="a">Giró Miranda, Joaquin</subfield>
      <subfield code="e">author</subfield>
   </datafield>
   <datafield ind2=" " ind1=" " tag="260">
      <subfield code="c">2015-05-06T14:48:09Z</subfield>
   </datafield>
   <datafield ind2=" " ind1=" " tag="260">
      <subfield code="c">2015-05-06T14:48:09Z</subfield>
   </datafield>
   <datafield ind2=" " ind1=" " tag="260">
      <subfield code="c">2013</subfield>
   </datafield>
   <datafield ind2=" " ind1=" " tag="520">
      <subfield code="a">La necesidad de crear un referente asociativo entre los inmigrantes senegaleses como instrumento de sociabilidad e identificación, les ha llevado inicialmente a organizarse en torno a objetivos de carácter asistencial, básicamente en caso de enfermedad o muerte y/o en regularización administrativa y búsqueda de trabajo y vivienda. Con el paso del tiempo, a estos objetivos iniciales se sumarían los de sensibilización sobre determinados aspectos de la cultura y los de cooperación y codesarrollo con asociaciones comunitarias de Senegal.&#xd;
Los objetivos de las asociaciones senegalesas han demostrado en el tiempo su carácter dinámico y, tan solo las dificultades económicas o de financiación han obligado a ralentizar o abandonar fines y objetivos&#xd;
más ambiciosos.El asociacionismo senegalés tiene, además, un componente solidario muy vinculado a la teranga u hospitalidad, que es el principio de existencia de las redes de solidaridad que recrean las asociaciones senegalesas de acuerdo a vínculos y relaciones de parentesco, amistad y, sobre todo, de identidad comunitaria, constituyéndose en un elemento simbólico de su cultura. No es extraño, por tanto, que junto a los proyectos de cooperación y codesarrollo, las asociaciones mantengan estrategias de solidaridad y apoyo mutuo, más, si cabe, en épocas de atonía económica como la actual.</subfield>
   </datafield>
   <datafield ind2=" " ind1=" " tag="520">
      <subfield code="a">The need to create an associative reference among Senegalese immigrants as a means of sociability and identification led them to initially organize themselves around objectives of welfare nature, essentially in case of illness or death and/or for purposes such as administrative regularization and search for jobs and housing.&#xd;
As time passed by, these initial objectives brought together the awareness on certain aspects of culture and cooperation and co-development with community associations in Senegal. The objectives of these Senegalese associations have proven over time its dynamic nature, and only the economic difficulties or the lack of funding have forced them to slow down or move away from more ambitious goals and objectives. Senegalese associations have also a supportive component closely linked to the teranga or hospitality, which is the&#xd;
existential principle of the networks of solidarity that Senegalese associations recreate based on links and relations of kinship, friendship and, above all, community identity, thus becoming a symbolic element of their culture. It is no wonder, therefore, that along with cooperation and co-development projects, these associations maintain strategies of solidarity and mutual support, even more so in this time of economic downturn.</subfield>
   </datafield>
   <datafield ind1="8" ind2=" " tag="024">
      <subfield code="a">http://hdl.handle.net/10459.1/48179</subfield>
   </datafield>
   <datafield tag="653" ind2=" " ind1=" ">
      <subfield code="a">Asociacionismo</subfield>
   </datafield>
   <datafield tag="653" ind2=" " ind1=" ">
      <subfield code="a">Codesarrollo</subfield>
   </datafield>
   <datafield tag="653" ind2=" " ind1=" ">
      <subfield code="a">Cooperación</subfield>
   </datafield>
   <datafield tag="653" ind2=" " ind1=" ">
      <subfield code="a">Funciones</subfield>
   </datafield>
   <datafield tag="653" ind2=" " ind1=" ">
      <subfield code="a">Género</subfield>
   </datafield>
   <datafield tag="653" ind2=" " ind1=" ">
      <subfield code="a">Identidad</subfield>
   </datafield>
   <datafield tag="653" ind2=" " ind1=" ">
      <subfield code="a">Inmigración</subfield>
   </datafield>
   <datafield tag="653" ind2=" " ind1=" ">
      <subfield code="a">Retorno</subfield>
   </datafield>
   <datafield tag="653" ind2=" " ind1=" ">
      <subfield code="a">Associative</subfield>
   </datafield>
   <datafield tag="653" ind2=" " ind1=" ">
      <subfield code="a">Identity</subfield>
   </datafield>
   <datafield tag="653" ind2=" " ind1=" ">
      <subfield code="a">Immigration</subfield>
   </datafield>
   <datafield tag="653" ind2=" " ind1=" ">
      <subfield code="a">Functions</subfield>
   </datafield>
   <datafield tag="653" ind2=" " ind1=" ">
      <subfield code="a">Gender</subfield>
   </datafield>
   <datafield tag="653" ind2=" " ind1=" ">
      <subfield code="a">Teranga</subfield>
   </datafield>
   <datafield tag="653" ind2=" " ind1=" ">
      <subfield code="a">Cooperation</subfield>
   </datafield>
   <datafield tag="653" ind2=" " ind1=" ">
      <subfield code="a">Co-Development</subfield>
   </datafield>
   <datafield tag="653" ind2=" " ind1=" ">
      <subfield code="a">Return</subfield>
   </datafield>
   <datafield tag="653" ind2=" " ind1=" ">
      <subfield code="a">Immigració</subfield>
   </datafield>
   <datafield ind2="0" ind1="0" tag="245">
      <subfield code="a">Las estructuras asociativas de los senegaleses en España</subfield>
   </datafield>
   <datafield ind2="0" ind1="0" tag="245">
      <subfield code="a">Structural associations of senegalese in spain</subfield>
   </datafield>
</record></metadata></record></GetRecord></OAI-PMH>